| 000 | 00796nam a2200277Ia 4500 | ||
|---|---|---|---|
| 001 | Para_9 | ||
| 003 | CHAP | ||
| 008 | 220125s1954 xx 000 0 und d | ||
| 010 | _a198576 | ||
| 040 | _cCHAP | ||
| 090 | _aPA FOLLETO 10 | ||
| 100 |
_aCuriel Valeriano, Fernando _930522 |
||
| 245 |
_aEl cultivo del tabaco en la región de Papantla, Ver., y algunos experimentos relacionados con el mismo / _c por Fernando Curiel Valeriano |
||
| 260 |
_aChapingo, Méx. : _b ENA |
||
| 300 | _a21 p. | ||
| 410 | _aPublicación técnica; 1 | ||
| 650 |
_aTabaco _9111196 |
||
| 710 |
_aI.ENA _9163823 |
||
| 901 | _aPA FOLLETO 10 | ||
| 902 | _aM | ||
| 905 | _a0000071954 mx 0000000000 00 | ||
| 910 | _a1954 | ||
| 942 | _cPARA | ||
| 942 |
_cPARA _d1 |
||
| 999 |
_c198576 _d198576 |
||